000 00935nam a2200277 i 4500
001 bg
003 KOSZ 005
005 20200630132824.0
008 071016s1969 pl a f 001 0 pol
015 _aPB 1969/1741
040 _aWA N
_cKOSZ 005/RW
_dKOSZ 005/RW
080 _a517
100 1 _aCzechowski, Tadeusz
_d(1914-2002).
_eAutor
245 1 0 _aRachunek różniczkowy i całkowy dla ekonomistów i statystyków /
_cTadeusz Czechowski.
250 _aWyd. 4.
260 _aWarszawa :
_bPaństwowe Wydawnictwo Naukowe,
_c1969.
300 _a390, [1] s. :
_bil. ;
_c24 cm.
380 _aKsiążki.
504 _aIndeks.
655 4 _aPodręcznik
650 4 _aRachunek całkowy
650 4 _aRachunek różniczkowy
710 2 _aPaństwowe Wydawnictwo Naukowe
_4pbl.
856 _uhttp://koha.tu.koszalin.pl/cgi-bin/koha/opac-detail.pl?biblionumber=11546
_yKatalog online BPK
942 _2UKD
_cKS
999 _c11546
_d11546